Statistics for Fast Math

Click here to take the quiz!

General Stats

  • This quiz has been taken 40 times
  • The average score is 14 of 19

Answer Stats

HintAnswer% Correct
5x315
100%
37x3111
93%
35x4140
93%
2x918
93%
(1x2)x
(3x4)
24
93%
45x3135
90%
109x4436
90%
304x3912
90%
17x8136
86%
123x2246
83%
51x12612
83%
29x6174
79%
697x21394
72%
24x13312
62%
31x16496
59%
59x492891
41%
35x832905
31%
21.3x45.6971.28
17%
183x91701
7%

Score Distribution

Percentile by Number Answered

Percent of People with Each Score

Your Score History

You have not taken this quiz